The adjudicator to HM Land Registry (Record no. 105246)
[ view plain ]
| 000 -LEADER | |
|---|---|
| fixed length control field | 00829cam a2200193 4500 |
| 001 - CONTROL NUMBER | |
| control field | ##L132822 |
| 008 - FIXED-LENGTH DATA ELEMENTS--GENERAL INFORMATION | |
| fixed length control field | 060310n2004 000 0 eng u |
| 035 ## - SYSTEM CONTROL NUMBER | |
| System control number | (Sirsi) u132822 |
| 041 0# - LANGUAGE CODE | |
| Language code of text/sound track or separate title | eng |
| 050 04 - LIBRARY OF CONGRESS CALL NUMBER | |
| Classification number | 346.41043 $2 18 |
| 110 2# - MAIN ENTRY--CORPORATE NAME | |
| Corporate name or jurisdiction name as entry element | United Kingdom |
| Subordinate unit | Department for Constitutional Affairs |
| 9 (RLIN) | 4899 |
| 245 04 - TITLE STATEMENT | |
| Title | The adjudicator to HM Land Registry |
| Remainder of title | a short guide for users |
| 260 ## - PUBLICATION, DISTRIBUTION, ETC. | |
| Place of publication, distribution, etc. | London |
| Name of publisher, distributor, etc. | Department for Constitutional Affairs |
| Date of publication, distribution, etc. | 2004 |
| 300 ## - PHYSICAL DESCRIPTION | |
| Extent | 16p |
| Dimensions | 30cm |
| 505 2# - FORMATTED CONTENTS NOTE | |
| Formatted contents note | Introduction -- Procedure -- Orders -- Hearings -- Decisions -- Costs and fees -- Appeals -- Standards and complaints -- Glossary |
| 520 ## - SUMMARY, ETC. | |
| Summary, etc. | A guide to the role and procedures of the Adjudicator to HM Land Registry. |
| 690 ## - LOCAL SUBJECT ADDED ENTRY--TOPICAL TERM (OCLC, RLIN) | |
| Topical term or geographic name as entry element | PROPERTY-PROPERTY ACQUISITION AND DISPOSAL-REGISTRATION OF TITLE TO PROPERTY-LAND REGISTRATION |
| 942 ## - ADDED ENTRY ELEMENTS (KOHA) | |
| Suppress in OPAC | 0 |
| Withdrawn status | Lost status | Source of classification or shelving scheme | Damaged status | Not for loan | Home library | Current library | Shelving location | Date acquired | Total Checkouts | Full call number | Barcode | Date last seen | Copy number | Price effective from | Koha item type |
|---|---|---|---|---|---|---|---|---|---|---|---|---|---|---|---|
| Dewey Decimal Classification | London | London | Basement | 10/03/2006 | BASEMENT | 30071824 | 06/08/2019 | 1 | 06/08/2019 | Book |